| 000 | 00670nam a22002057a 4500 | ||
|---|---|---|---|
| 008 | 140116b xxu||||| |||| 00| 0 alb d | ||
| 020 | _a9789995626280 | ||
| 080 |
_a811.18'27 _a811.18'282'373 _a811.18:39 |
||
| 100 | 1 | _aShkurtaj, Gjovalin | |
| 245 | 1 | 0 |
_aSociolinguistikë e shqipes : _cGjovalin Shkurtaj. |
| 250 | _aBotimi i 2 | ||
| 260 |
_aTiranë : _bMorava ; _c2009. |
||
| 300 |
_a425 f. ; _c23 cm |
||
| 650 |
_aGjuha shqipe _xAspekte sociale |
||
| 650 |
_2Gjuha shqipe _xLeksikologjia |
||
| 650 |
_aGjuha shqipe _vDialektet |
||
| 650 |
_aGjuha shqipe _xGjuha letrare |
||
| 650 | _aEtnolinguistika | ||
| 942 |
_2udc _cBK |
||
| 999 |
_c396 _d396 |
||